Gaming Quiz

Random Gaming Quiz

Back of the Game Case Quiz Stats

 Plays Quiz not verified by Sporcle

Also try: Video Games (A-Z)
Challenge
Share
Tweet
Embed
Score 0/12 Timer 08:00
0 Plays Today
Bold Heading Game % Correct
There's a New Thief in TownSly Cooper and the Thievius Raccoonus
60%
Master the Art of the KillAssassin's Creed
40%
One Ordinary Man... One Extraordinary AdventureUncharted Drake's Fortune
30%
Home is Where the War IsHomefront
30%
Gotham City is Falling to PiecesLEGO Batman
30%
War Like You've Never Experienced BeforeCall of Duty World at War
20%
Be Strong, Be Fast, Be Invisible, Be the Weapon Crysis 2
10%
Every Legend Has a BeginningHalo Reach
10%
Epic Fantasy RebornThe Elder Scrolls V Skyrim
10%
Fight Every Day As If It Were Your LastDead Island
10%
The Difference Is Night and DaySonic Unleashed
5%
How Far Will You Go to Save New YorkSpider Man Web of Shadows
0%

You're not logged in!

Compare scores with friends on all Sporcle quizzes.
OR
Log In

You Might Also Like...

Show Comments

Extras

Created Jun 9, 2012ReportNominate
Tags:bold, case, date, heading, release

Top Quizzes Today


Score Distribution

Your Account Isn't Verified!

In order to create a playlist on Sporcle, you need to verify the email address you used during registration. Go to your Sporcle Settings to finish the process.

Report this User

Report this user for behavior that violates our Community Guidelines.

Details: